Общественно-политическое движение на Украине... (Запись № 9510669)
[ простой вид ]
| 000 -МАРКЕР | |
|---|---|
| контрольное поле | 01841nam1a22003131i 4500 |
| 001 - ИДЕНТИФИКАТОР ЗАПИСИ | |
| контрольное поле | rc\4741115 |
| 005 - ИДЕНТИФИКАТОР ВЕРСИИ | |
| контрольное поле | 20240726060428.0 |
| 021 ## - НОМЕР ГОСУДАРСТВЕННОЙ РЕГИСТРАЦИИ | |
| Код страны | Российская Федерация |
| Номер | [63-31803] |
| 021 ## - НОМЕР ГОСУДАРСТВЕННОЙ РЕГИСТРАЦИИ | |
| Код страны | Российская Федерация |
| Номер | [64-96114] |
| 035 ## - ДРУГИЕ СИСТЕМНЫЕ НОМЕРА | |
| Идентификатор записи | (NLR Aleph) 008737155 |
| 100 ## - ДАННЫЕ ОБЩЕЙ ОБРАБОТКИ | |
| Данные общей обработки | 20130416g19631964|||y0rusy50 ca |
| 101 0# - ЯЗЫК РЕСУРСА | |
| Язык текста, звукозаписи и т.д. | русский |
| 102 ## - СТРАНА ПУБЛИКАЦИИ ИЛИ ПРОИЗВОДСТВА | |
| Страна публикации | Российская Федерация |
| 105 ## - ПОЛЕ КОДИРОВАННЫХ ДАННЫХ: ТЕКСТОВЫЕ МАТЕРИАЛЫ, МОНОГРАФИЧЕСКИЕ | |
| Кодированные данные о монографическом текстовом документе | z ||||| |
| 200 1# - ЗАГЛАВИЕ И СВЕДЕНИЯ ОБ ОТВЕТСТВЕННОСТИ | |
| Основное заглавие | Общественно-политическое движение на Украине... |
| Сведения, относящиеся к заглавию | [Сборник документов |
| Первые сведения об ответственности | Введ. В.Д. Королюка и Г.И. Марахова, с. V-XXI |
| Последующие сведения об ответственности | Ред. коллегия: В. Королюк и др. Т. 1-2] |
| -- | [Акад. наук СССР. Ин-т славяноведения. Гл. архивное упр. при Совете Министров СССР. Polska akad. nauk. Inst. historii. Naczelna dyrekcja archiwon panstwowych. Акад. наук УРСР. Iнститут iсторii. Архiвне управлiння при Радi Miniстрiв УРСР] |
| 210 ## - ПУБЛИКАЦИЯ, РАСПРОСТРАНЕНИЕ И ДР. | |
| Место издания, распространения и т.д. | Киiв |
| Имя издателя, распространителя и т. д. | Вид. Акад. наук УРСР |
| Дата издания, распространения и т.д. | 1963-1964 |
| 215 ## - ФИЗИЧЕСКАЯ ХАРАКТЕРИСТИКА | |
| Специфическое обозначение материала и объем | 2 т. |
| Размеры | 25 |
| 225 1# - СЕРИЯ | |
| Основное заглавие серии | Восстание 1863 г. |
| Сведения, относящиеся к заглавию | Материалы и документы |
| 300 ## - ОБЩИЕ ПРИМЕЧАНИЯ | |
| Текст примечания | Тит. л. и введ. парал. на рус., укр. и польском яз. |
| 300 ## - ОБЩИЕ ПРИМЕЧАНИЯ | |
| Текст примечания | На переплете только загл. серии |
| 606 ## - НАИМЕНОВАНИЕ ТЕМЫ КАК ПРЕДМЕТ | |
| Наименование темы | Общественная мысль на Украине |
| Хронологический подзаголовок | 19 в. |
| Формальный подзаголовок | Документы и материалы |
| Код системы | psbo |
| 606 ## - НАИМЕНОВАНИЕ ТЕМЫ КАК ПРЕДМЕТ | |
| Наименование темы | Революционное движение на Украине |
| Хронологический подзаголовок | 19 в. |
| Формальный подзаголовок | Документы и материалы |
| Код системы | psbo |
| 702 #1 - ИМЯ ЛИЦА - ВТОРИЧНАЯ ОТВЕТСТВЕННОСТЬ | |
| Начальный элемент ввода | Королюк |
| Часть имени, кроме начального элемента ввода | В.Д. |
| Расширение инициалов личного имени | Владимир Дорофеевич |
| Код отношения | Автор введения, предисловия, примечания и т.п. |
| -- | Редактор |
| 702 #1 - ИМЯ ЛИЦА - ВТОРИЧНАЯ ОТВЕТСТВЕННОСТЬ | |
| Начальный элемент ввода | Марахов |
| Часть имени, кроме начального элемента ввода | Г.И. |
| Код отношения | Автор введения, предисловия, примечания и т.п. |
| 801 #0 - ИСТОЧНИК ЗАПИСИ | |
| Страна | Российская Федерация |
| Организация | NLR |
| Правила каталогизации | psbo |
| 801 #1 - ИСТОЧНИК ЗАПИСИ | |
| Страна | Российская Федерация |
| Организация | ELAR |
| Источник данных | rusmarc |
| 852 ## - МЕСТОНАХОЖДЕНИЕ И ШИФР ХРАНЕНИЯ | |
| Идентификатор организации | NLR |
| Шифр хранения (Call Number) | 63-7/1755 |
| 942 ## - ДОПОЛНИТЕЛЬНЫЕ ЭЛЕМЕНТЫ ЗАПИСИ (АБИС) | |
| Тип экземпляра АБИС | Книга |
Нет доступных экземпляров.